000
00311nam a22001457a 4500
008
210505b ||||| |||| 00| 0 eng d
020
_a
9789928255143
041
_a
eng
080
_a
37
082
_a
37
100
_a
46
101
_a
EDU
245
_a
60 Vjet Histori Suksesi
_c
Agron Cuka
942
_2
udc
_c
BK
999
_c
57074
_d
57074